The hairless Mexican ; and The Traitor
Saved in:
| Main Author: | |
|---|---|
| Other Authors: | , |
| Format: | Book |
| Language: | English |
| Published: |
Oxford :
Heinemann,
1992.
|
| Series: | Heinemann guided readers. Intermediate level.
|
| Subjects: | |
| Tags: |
Add Tag
No Tags, Be the first to tag this record!
|
MARC
| LEADER | 00000cam a2200000 i 4500 | ||
|---|---|---|---|
| 001 | 1/23435 | ||
| 008 | 950316s1992 enk| ||| |||| ||eng|| | ||
| 020 | |a 0435272357 | ||
| 035 | |l 10022087 | ||
| 040 | |a GR-MyUa |b gre |e AACR2 | ||
| 041 | 0 | |a eng | |
| 082 | 7 | |a 428.64 |2 (22) | |
| 100 | 1 | |a Maugham, W. Somerset |q (William Somerset), |d 1874-1965. | |
| 245 | 1 | 4 | |a The hairless Mexican ; |b and The Traitor / |c W. Somerset Maugham ; retold by Philip King. |
| 260 | |a Oxford : |b Heinemann, |c 1992. | ||
| 490 | 1 | |a (Heinemann guided readers. Intermediate level) | |
| 650 | 0 | 0 | |a English language |x Readers. |
| 650 | 0 | 0 | |a English language |v Textbooks for foreign speakers. |
| 700 | 1 | |a King, Philip, |d 1904-1979. | |
| 700 | 1 | |a Large, Annabel, |e ill | |
| 830 | 0 | |a Heinemann guided readers. |p Intermediate level. | |
| 852 | |a INST |b CHIOS |e 19950316 |h 428.64 MAU |p 005200003854 |q 005200003854 |t BK |y 0 | ||